| 000 | 00524nam a2200181Ia 4500 | ||
|---|---|---|---|
| 999 |
_c14951 _d14951 |
||
| 003 | OSt | ||
| 005 | 20201117095653.0 | ||
| 008 | 190216s9999||||xx |||||||||||||| ||und|| | ||
| 040 | _coclc | ||
| 082 |
_a428.1 _bCOR/M |
||
| 100 |
_a Cornog, Mary Wood _96640 |
||
| 245 | 0 |
_aMerriam- Webster's Vocabulary Builder / _cMary wood cornog |
|
| 250 | _a1st Ed. | ||
| 260 |
_bMerriam- Websters, _c2004. _aMassachusetts; |
||
| 300 | _a558p | ||
| 650 | _aEnglish | ||
| 942 |
_cBK _2ddc _h428.1 _iCOR/M _k428.1 _mCOR/M |
||